Democratic Republic of Sao Tome and Principe : Selected Issues.

Selected Issues.

Chi tiết về thư mục
Tác giả của công ty: International Monetary Fund. African Dept
Định dạng: Tạp chí
Ngôn ngữ:English
Được phát hành: Washington, D.C. : International Monetary Fund, 2022.
Loạt:IMF Staff Country Reports; Country Report ; No. 2022/096
Truy cập trực tuyến:Full text available on IMF
Full text available on IMF
Full text available on IMF
Full text available on IMF
Full text available on IMF
Full text available on IMF
Full text available on IMF
Full text available on IMF
LEADER 02141cas a2200337 a 4500
001 AALejournalIMF022721
008 230101c9999 xx r poo 0 0eng d
020 |c 20.00 USD 
020 |z 9798400213908 
022 |a 2790-4431 
040 |a BD-DhAAL  |c BD-DhAAL 
110 2 |a International Monetary Fund.  |b African Dept. 
240 1 0 |a Democratic Republic of Sao Tome and Principe: Selected Issues.  |l Portuguese 
245 1 0 |a Democratic Republic of Sao Tome and Principe :   |b Selected Issues. 
264 1 |a Washington, D.C. :  |b International Monetary Fund,  |c 2022. 
300 |a 1 online resource (57 pages) 
490 1 |a IMF Staff Country Reports 
500 |a <strong>Off-Campus Access:</strong> No User ID or Password Required 
500 |a <strong>On-Campus Access:</strong> No User ID or Password Required 
506 |a Electronic access restricted to authorized BRAC University faculty, staff and students 
520 3 |a Selected Issues. 
538 |a Mode of access: Internet 
830 0 |a IMF Staff Country Reports; Country Report ;  |v No. 2022/096 
856 4 0 |z Full text available on IMF  |u https://elibrary.imf.org/openurl?genre=book&isbn=9781513575919  |z IMF e-Library 
856 4 0 |z Full text available on IMF  |u https://elibrary.imf.org/openurl?genre=book&isbn=9789264134683  |z IMF e-Library 
856 4 0 |z Full text available on IMF  |u https://elibrary.imf.org/openurl?genre=journal&issn=1018-5941&volume=2022&issue=124  |z IMF e-Library 
856 4 0 |z Full text available on IMF  |u https://elibrary.imf.org/openurl?genre=journal&issn=1018-5941&volume=2022&issue=125  |z IMF e-Library 
856 4 0 |z Full text available on IMF  |u https://elibrary.imf.org/openurl?genre=journal&issn=1934-7685&volume=2022&issue=196  |z IMF e-Library 
856 4 0 |z Full text available on IMF  |u https://elibrary.imf.org/openurl?genre=journal&issn=2663-3493&volume=2022&issue=029  |z IMF e-Library 
856 4 0 |z Full text available on IMF  |u https://elibrary.imf.org/openurl?genre=journal&issn=2663-3493&volume=2022&issue=031  |z IMF e-Library 
856 4 0 |z Full text available on IMF  |u https://elibrary.imf.org/openurl?genre=journal&issn=2790-4431&volume=2022&issue=096  |z IMF e-Library